000 01416cam a2200133 4500500
005 20260329023140.0
041 _afre
042 _adc
100 1 0 _aDuval, Nathalie
_eauthor
245 0 0 _aEnseignement et éducation en France : Du XVIIIe siècle à nos jours
260 _bArmand Colin,
_c2011.
520 _aEnseigner c’est être amené à agir au sein d’un système éducatif qui doit faire face à des enjeux déterminants pour son avenir. Pour tout acteur de terrain directement en prise avec les enfants et les adolescents mais aussi pour toute personne intéressée par les questions scolaires, cet ouvrage sera d’un recours précieux. Il a pour ambition, dans une étude historique de l’enseignement et de l’éducation en France depuis le XVIIIe siècle jusqu’à nos jours, de présenter en complément de l’histoire de l’école primaire, du collège, du lycée et de l’université celles, moins connues sinon ignorées, de l’enseignement privé et du mouvement original de l’Éducation nouvelle. À l’heure des remises en question d’une École en mal de cohérence, il est des plus éclairants de connaître des expériences éducatives qui, dans leur grande variété, ont cherché et cherchent encore à favoriser la réussite des élèves.
856 4 1 _uhttps://shs.cairn.info/enseignement-et-education-en-france--9782200353490?lang=fr&redirect-ssocas=7080
999 _c1925088
_d1925088